Hermenéutica sacra seu introductio in omnes et singulos libros sacros veteris ac novi foederis.

Detalles Bibliográficos
Autor principal: JANSSENS, J.H
Formato: Libro
Publicado: París s.d.
Materias:
Colección:Banco de datos
Acervo:Biblioteca Nacional de Antropología e Historia. Fondo Conventual
Descripción Física:t. I y II
Tema general:Biblia
Notas:Buena. XI,6,16
LEADER 00694nam a22002050004500
035 |a 11777 
036 |a 6382 
100 1 |a JANSSENS, J.H. 
245 1 0 |a Hermenéutica sacra seu introductio in omnes et singulos libros sacros veteris ac novi foederis. 
260 |a París  |b A. Jouby y Roger  |c s.d. 
300 |a t. I y II 
500 |a Buena. XI,6,16 
650 1 0 |a Biblia 
949 |a B.N.A.H. 
959 |a Biblioteca Nacional de Antropología e Historia. Ciudad de México  |b CCC1 
960 |a Seminario de Morelia  |b DD56 
961 |a Casa de formación del Clero Secular  |b CS 
942 |c B.N.A.H. 
943 |g Biblioteca Nacional de Antropología e Historia. Fondo Conventual 
999 |c 1036309  |d 1036309